Disney Song by Lyrics in Spanish Quiz Stats

 Plays Quiz not verified by Sporcle

Score 0/17 Timer 05:00
0 Plays Today
% Correct
Under the Sea
71.7%
A Whole New World
66.9%
Colours of the Wind
63%
The Bare Necessities
62.6%
I'll Make a Man Out of You
59.4%
Belle
57.1%
God Help the Outcasts
56.7%
Reflection
54.7%
Hellfire
48.8%
% Correct
Friend Like Me
45.3%
Hakuna Matata
42.9%
Go the Distance
40.6%
I Won't Say I'm in Love
39%
The Walrus and the Carpenter
35.4%
Bells of Notre Dame
31.1%
Zero to Hero
27.6%
Why Should I Worry?
27.6%

You're not logged in!

Compare scores with friends on all Sporcle quizzes.
OR
Log In

Show Comments

Extras

Top Quizzes Today


Score Distribution

Your Account Isn't Verified!

In order to create a playlist on Sporcle, you need to verify the email address you used during registration. Go to your Sporcle Settings to finish the process.

Report this User

Report this user for behavior that violates our Community Guidelines.

Details: